Inovácie v riadení a kontrole akosti v rezorte MVS SSR
Saved in:
| Main Author: | |
|---|---|
| Other Authors: | , |
| Format: | Book |
| Language: | Slovak |
| Published: |
Bratislava
Alfa
1988
|
| Edition: | 1. vyd. |
| Tags: |
No Tags, Be the first to tag this record!
|
MARC
| LEADER | 00000nam a2200000 4500 | ||
|---|---|---|---|
| 001 | c028348 | ||
| 005 | 20221219091654.2 | ||
| 041 | 0 | |a slo | |
| 044 | |a SK | ||
| 245 | 1 | 0 | |a Inovácie v riadení a kontrole akosti v rezorte MVS SSR |c Eduard Čaniga, Ján Kováč, Pavol Kňaze |
| 250 | |a 1. vyd. | ||
| 264 | 1 | |a Bratislava |b Alfa |c 1988 | |
| 300 | |a 208 s. | ||
| 100 | 1 | |a Čaniga, Eduard | |
| 700 | 1 | |a Kováč, Ján | |
| 700 | 1 | |a Kňaze, Pavol | |